Z módnych odchodov nevyhnutnosť M. Moravcová: študenti-športovci nie sú v USA uprednostňovaní

Bibliographic Details
Main Authors: Moravcová, Martina, 1976- (Author), Gressner, Igor (Author)
Format: Article
Language:Slovak
PhysicalDescription:Fotogr. 1
ISSN:0862-9567
Subjects:

MARC

LEADER 00000nab a2200000 a 4500
001 vtls000637132
003 SK-MaSNL
005 20260302185107.0
008 140228c1997 xo 0 slo
015 |a SNBRB19rr/mm-uuuuu 
035 |a CL0637271 
040 |a SNKBUCL  |b slo  |c SNKBUCL  |e AACR2 
041 0 |a slo 
044 |a xo  |c SK 
080 |a 797.212.071  |2 1981 
100 1 |a Moravcová, Martina,  |d 1976-  |4 aut 
245 1 0 |a Z módnych odchodov nevyhnutnosť  |b M. Moravcová: študenti-športovci nie sú v USA uprednostňovaní  |c Martina Moravcová, Igor Gressner 
300 |b Fotogr. 1 
600 1 7 |a Moravcová, Martina  |d 1976-  |x pôsobenie v USA - rozhovory  |2 snkbucl  |9 901203 
650 0 7 |a Moravcová, Martina  |2 snkbucl  |9 901204 
655 7 |a články z novín a časopisov  |2 snkbucl  |9 267496 
700 1 |a Gressner, Igor  |4 aut  |9 838363 
773 0 |t Hospodárske noviny  |g Roč. 5, č. 178 (18. 9. 1997), s. 16  |x 0862-9567 
850 |a Slovenská národná knižnica v Martine  |a MTA001 
852 |a SNK  |b KIS3GCP 
958 |a SK 
958 |a US 
958 |a RK 
992 |a RBX 
999 |c 1428049  |d 1429979